00915nam a2200253 a 450000100060000000300090000600800410001502000180005604000280007404100080010208200140011024501010012425000110022526000490023630000110028549000540029650000610035065000450041165000390045665000300049565000490052570000430057470000440061725704CO-ViMGA141112s2004 ck r 000 u spa d a9789587382433 aCO-ViMGAbspacCO-ViMGA aSPA04a362.2 S1410aSalud mental y desplazamiento forzado / ceditora académica María Helena Restrepo - Espinosa a1a ed. aBogotá : bUniversidad del Rosario, c2013 a140 p. aTextos Escuela de Medicina y Ciencias de la Salud aTitulo Original Salud mental y desplazamiento forzado14aDESPLAZADOS POR LA VIOLENCIA - COLOMBIA 14aDESPLAZAMIENTO FORZADO - COLOMBIA 14aPERSONAS CON DISCAPACIDAD14aSALUD MENTAL - InvestigaciónES - COLOMBIA 1 aRestrepo Espinosa, ed., María Helena1 aRestrepo Espinosa, ed., María Helena